[Event "GER-chT U12"]
[Site "Magdeburg"]
[Date "2023.12.29"]
[Round "5.1"]
[White "Bodriyenko, Daniel"]
[Black "Jahn, Gustav"]
[Result "1/2-1/2"]
[WhiteElo "1458"]
[BlackElo "1304"]
[PlyCount "72"]
[EventDate "2023.12.26"]
[EventType "team-swiss"]
[EventRounds "7"]
[EventCountry "GER"]
[SourceTitle "CBM 218 Extra"]
[Source "ChessBase"]
[SourceDate "2024.03.31"]
[SourceVersion "1"]
[SourceVersionDate "2024.03.31"]
[SourceQuality "1"]
[WhiteTeam "Kornwestheim"]
[BlackTeam "Dresden Striesen"]
[WhiteTeamCountry "GER"]
[BlackTeamCountry "GER"]

1. e4 e6 2. d4 d5 3. e5 c5 4. c3 Nc6 5. Nf3 Nge7 6. Be3 Nf5 7. Nbd2 Nxe3 8. fxe3 Be7 9. e4 dxe4 10. Nxe4 cxd4 11. cxd4 Bb4+ 12. Nc3 0-0 13. Bb5 Qa5 14. Qd3 h6 15. 0-0 Bd7 16. Bc4 Rfd8 17. Ne4 Be8 18. Rad1 Rac8 19. d5 exd5 20. Neg5 hxg5 21. Nxg5 Qb6+ 22. Kh1 Nd4 23. Qh7+ Kf8 24. Rxd4 Qh6 25. Bxd5 Qxh7 26. Nxh7+ Kg8 27. Ng5 Be7 28. Nxf7 Rxd5 29. Rxd5 Bxf7 30. Rd7 Re8 31. Rxb7 Bxa2 32. Rxa7 Bc4 33. Re1 Bd6 34. h3 Rxe5 35. Rxe5 Bxe5 36. b4 Bd6 1/2-1/2